THE EVERGLADES (Record no. 2925)
[ view plain ]
| 000 -LEADER | |
|---|---|
| fixed length control field | 00268nam a22001217a 4500 |
| 082 ## - DEWEY DECIMAL CLASSIFICATION NUMBER | |
| Classification number | 030 |
| Item number | CAR/E |
| 100 ## - MAIN ENTRY--AUTHOR NAME | |
| Personal name | CARR,ARCHIE |
| 245 ## - TITLE STATEMENT | |
| Title | THE EVERGLADES |
| 260 ## - PUBLICATION, DISTRIBUTION, ETC. (IMPRINT) | |
| Place of publication | ALEXANDRIA |
| Name of publisher | TIME LIFE BOOKS |
| 300 ## - PHYSICAL DESCRIPTION | |
| Number of Pages | 184 |
| 650 ## - SUBJECT ADDED ENTRY--TOPICAL TERM | |
| Topical Term | GENERAL KNOWLEDGE |
| Geographic subdivision | ALEXANDRIA |
| 942 ## - ADDED ENTRY ELEMENTS (KOHA) | |
| Koha item type | Books |
| Withdrawn status | Lost status | Collection code | Home library | Current library | Shelving location | Date acquired | Full call number | Accession Number | Koha item type |
|---|---|---|---|---|---|---|---|---|---|
| Reference | Main Library | Main Library | 20/05/2004 | 030 CAR/E | 01393 | Books |